| 000 | 00366 a2200169 4500 | ||
|---|---|---|---|
| 001 | 47022 | ||
| 020 | _a9788573197488 | ||
| 040 | _cAnchieta - Aquarius | ||
| 100 | _aAragão, José Carlos | ||
| 240 | 1 | 0 |
_aA presepada _lpor |
| 245 | 1 | 0 | _aA presepada |
| 300 | _a24 | ||
| 362 | 0 | _a2009 | |
| 440 | 1 | _aDimensão | |
| 650 | 4 | _aLiteratura infanto-juvenil | |
| 942 | _cBK | ||
| 999 |
_c47022 _d47022 |
||